000
00267nam a22001217a 4500
008
260415b ||||| |||| 00| 0 eng d
041
_a
Shqip
080
_a
0.1
100
_a
20
101
_a
Tregime
245
_a
Gruja e Vetmisë
_c
Ibrahim Berisha
942
_2
udc
_c
BK
999
_c
60973
_d
60973